[Event "Cidade do Salvador op"]
[Site "Cidade do Salvador"]
[Date "2009.04.10"]
[Round "3"]
[White "Barreto Filho, Carlos Alberto"]
[Black "Henrique Fiaes, Mario"]
[Result "1-0"]
[WhiteElo "2273"]
[BlackElo "1877"]
[PlyCount "65"]
[EventDate "2009.04.09"]
[EventType "swiss"]
[EventRounds "7"]
[EventCountry "BRA"]
[SourceTitle "EXT 2012"]
[Source "ChessBase"]
[SourceDate "2011.11.24"]
[SourceVersion "1"]
[SourceVersionDate "2011.11.24"]
[SourceQuality "1"]

1. e4 c5 2. Nf3 d6 3. d4 cxd4 4. Nxd4 Nf6 5. Nc3 a6 6. Bc4 e6 7. Bb3 Be7 8. g4 Nc6 9. g5 Nxd4 10. Qxd4 e5 11. Qd1 Nd7 12. Be3 0-0 13. h4 Nc5 14. Bd5 Be6 15. Qe2 Rc8 16. 0-0-0 b5 17. g6 b4 18. gxf7+ Bxf7 19. Bxf7+ Rxf7 20. Nd5 Qa5 21. Bxc5 Rxc5 22. Kb1 Bf8 23. Rhg1 Qd8 24. Rg4 Qc8 25. Rdg1 Kh8 26. h5 a5 27. R4g3 Qb8 28. Rh3 Qd8 29. Rf3 Qd7 30. Rgg3 Rxf3 31. Qxf3 Qe8 32. Qf5 Rc8 33. Nf6 1-0